| 000 | 02303cam a2200385 4500 | ||
|---|---|---|---|
| 001 | ABS66047 | ||
| 008 | 021101n2002 000 0 eng u | ||
| 035 | _a(Sirsi) u120334 | ||
| 100 | _aPugh-Smith, J. | ||
| 245 | _aEnvironmental Impact Assessments: the continuing jurisprudence | ||
| 260 | _c2002 | ||
| 490 |
_aJournal of Planning and Environment Law _vNovember 2002, 1316-1324(9) |
||
| 520 | _aExamines the impact of Environmental Impact Assessments (EIA) introduced by Directive 85/337/EEC on UK environmental law. Argues that EIA has generated numerous cases by becoming a potential trap for local planning authorities and developers, and offering a weapon for third party objectors. Provides a detailed interpretation of the Town and Country Planning (Environmental Impact Assessment) (England and Wales) Regulations 1999 with reference to case law, highlighting the application of thresholds and criteria to decide whether a project requires EIA. Continues by examining case law on the following areas: attacks on decisions not to require EIA, focusing on the consideration of likely effects; the level of detail required in an environmental statement; whether EIA requirements apply to the stage of approval of reserved matters; and the timing of EIA challenges. Case law. | ||
| 590 | _aABS | ||
| 650 | _aBERKELEY V SOS ENVIRONMENT AND ANOTHER | ||
| 650 | _aR V BRENT LBC EX P FRANCIS | ||
| 650 | _aR V YORK CITY COUNCIL EX P PROPHET | ||
| 650 | _aBRITISH TELECOMMUNICATIONS PLC V GLOUCESTER CITY COUNCIL | ||
| 650 | _aMALSTER V IPSWICH BC | ||
| 650 | _aFERNBACK V HARROW LBC | ||
| 650 | _aR V ROCHDALE MBC EX P TEW | ||
| 650 | _aELMBRIDGE BC V SOS ENVIRONMENT | ||
| 650 | _aR V ROCHDALE MBC EX P MILNE AND OTHERS | ||
| 650 | _aR V WEYMOUTH AND PORTLAND BC EX P PORTLAND PORT LTD | ||
| 650 | _aR V CORNWALL CC EX P HARDY | ||
| 650 | _aR V BROMLEY LBC AND ANOTHER EX P BARKER | ||
| 650 | _aR V OXFORD CITY COUNCIL EX P YOUNG | ||
| 650 | _aENVIRONMENTAL IMPACT ASSESSMENTS | ||
| 650 | _aENVIRONMENTAL LAW | ||
| 650 | _aENVIRONMENTAL STATEMENTS | ||
| 650 | _aPLANNING PERMISSION | ||
| 650 | _aTOWN AND COUNTRY PLANNING (ENVIRONMENTAL IMPACT ASSESSMENT) (ENGLAND AND WALES) REGULATIONS 1999 | ||
| 690 | _aENVIRONMENTAL AND LAND CONSULTANCY | ||
| 942 | _n0 | ||
| 999 |
_c71494 _d71494 |
||